| 000 | 00417nam a22001697a 4500 | ||
|---|---|---|---|
| 005 | 20250328152022.0 | ||
| 008 | 250328b |||||||| |||| 00| 0 eng d | ||
| 020 | _a9781787153547 | ||
| 041 | _aeng | ||
| 082 | _a382 RUF | ||
| 100 | _aRufin, Carlos | ||
| 245 | _aInternational Trade: Theory And Policy | ||
| 260 |
_aUK _bKruger Brentt _c2025 |
||
| 300 | _a284;. pages: 25 cm | ||
| 650 | _aCommerce | ||
| 942 | _cBK | ||
| 999 |
_c43472 _d43472 |
||